| 000 | 00491nam a2200181 4500 | ||
|---|---|---|---|
| 003 | LK-CoDNM | ||
| 005 | 20231221141705.0 | ||
| 008 | 231221b |||||||| |||| 00| 0 eng d | ||
| 020 | _a9786246360009 | ||
| 040 |
_aLK-CoDNM _dLK-CoDNM _eLK-CoDNM |
||
| 041 | _asin | ||
| 080 |
_aX8C31 _bපියදි |
||
| 100 | _aපියදිගම,ගයානි අසිංසලා | ||
| 245 | _aචලෝ | ||
| 260 |
_aBibila _bAsi Publication _c2023 |
||
| 300 | _a322p.,21cm | ||
| 942 |
_n0 _cBK |
||
| 999 |
_c144232 _d144232 |
||